000
00345nam a2200145Ia 4500
008
150201s2005 xx 000 0 und d
082
_a
616.01
_b
T05C
100
_a
COX WAKWLIN,DEREK
245
_a
TOPLEY & WILSON PARASITOLOGY
250
_a
10TH
260
_b
HOODER ARNOLD
_c
2005
300
_a
1-1030
650
_a
MICROBIOLOGY
942
_2
ddc
_c
BK
999
_c
438
_d
438